[Event "GER-chT U10"]
[Site "Magdeburg"]
[Date "2013.12.28"]
[Round "5.2"]
[White "Morgenstern, Tobias"]
[Black "Greim, Fridolin"]
[Result "1-0"]
[WhiteElo "1073"]
[BlackElo "888"]
[PlyCount "45"]
[EventDate "2013.12.27"]
[EventType "team-swiss"]
[EventRounds "5"]
[EventCountry "GER"]
[SourceTitle "EXT 2015"]
[Source "ChessBase"]
[SourceDate "2014.11.20"]
[SourceVersion "1"]
[SourceVersionDate "2014.11.20"]
[SourceQuality "1"]
[WhiteTeam "Magdeburg Schachzwerge"]
[BlackTeam "Erfurt Empor II"]
[WhiteTeamCountry "GER"]
[BlackTeamCountry "GER"]

1. e4 e5 2. Nf3 Nc6 3. Bc4 Bc5 4. d3 d6 5. Ng5 d5 6. Bxd5 Be6 7. Bxe6 fxe6 8. 0-0 Qf6 9. Qh5+ g6 10. Qh3 Nd4 11. Nc3 Nxc2 12. Rb1 Bb6 13. b4 a5 14. bxa5 Bxa5 15. Nb5 Kd8 16. Nd4 Rc8 17. Rxb7 exd4 18. Nxe6+ Ke8 19. Bg5 Qf7 20. Ng7+ Qxg7 21. Qxc8+ Kf7 22. Qd7+ Kf8 23. Rb8# 1-0